[Event "FIDE Chess.com Grand Swiss"]
[Site "Douglas"]
[Date "2019.10.20"]
[Round "10"]
[White "Carlsen, Magnus"]
[Black "Matlakov, Maxim"]
[Result "1-0"]
[WhiteElo "2876"]
[BlackElo "2716"]
[Annotator "Nielsen,Peter Heine"]
[PlyCount "159"]
[EventDate "2019.10.10"]
[EventType "swiss"]
[EventRounds "11"]
[EventCountry "IOM"]
[SourceTitle "CBM 193"]
[Source "ChessBase"]
[SourceDate "2019.12.31"]
[SourceVersion "1"]
[SourceVersionDate "2019.12.31"]
[SourceQuality "1"]

{[%evp 0,113,40,28,28,26,24,-21,6,6,31,23,47,-27,-18,-18,-2,-13,-9,-52,-11,-12,
27,-60,-6,-7,-14,-26,-18,-34,-20,-23,-12,-32,-30,-34,-3,-46,-40,-40,-43,-67,
-85,-52,-44,-70,-75,-75,-73,-102,-72,-79,-77,-82,-73,-78,-79,-114,-23,-90,-77,
-66,-15,-15,-14,0,8,-26,1,0,64,20,36,55,131,75,39,52,110,93,100,85,107,108,97,
90,110,110,140,125,125,125,151,149,145,163,174,169,196,188,214,217,208,228,238,
215,215,233,238,230,227,227,237,225,213,198]} 1. Nf3 Nf6 2. d4 d5 3. c4 e6 4.
Nc3 c6 5. Bg5 h6 6. Bh4 {[%mdl 2048]} dxc4 7. e4 g5 8. Bg3 b5 9. h4 {I
seconded Vishy Anand in the 2007 World Championship in Mexico where the
Anti-Moscow gambit was the huge rage. Yet White would then either push h4 a
bit later or not at all, but Alphazero adds its own flavour...} g4 10. Ne5 Nbd7
11. Be2 Bb7 ({In the Alphazero-Stockfish game a different move order appeared:
} 11... Nxe5 12. Bxe5 Rg8 13. O-O Bb7 14. Re1 a6 15. g3 {What was striking in
the Alphazero game was the absolute calmness in the style of play, believing
that the long-term compensation is sufficient and thus gradually improving the
position like there is absolutely no hurry at all, proving that White's
initiative compensates for the investment.} h5 16. Qc2 Nd7 17. Bf4 Rg6 18. b3
b4 19. Na4 c3 {Black gets a protected passed pawn, but that also seems not to
worry Alphazero the slighest as it instead gets access to the b1-h7 diagonal
for its bishop and thus can keep slowly improving its position.} 20. e5 Qc7 21.
Bd3 Rg8 22. Bh7 Rh8 23. Be4 a5 24. a3 Be7 25. Bg2 Rd8 26. axb4 axb4 27. Qe4 Rb8
28. Red1 $1 {A strategic gem has materialized.} Rd8 ({Black is basically
committed to passively awaiting White's trying to break through, as} 28... c5 {
now strongly is met by} 29. d5 Bxd5 30. Rxd5 exd5 31. Qxd5 {when the exchange
sac turns White's long-term prospects into an immediate tactical win.}) 29. Kh2
Ra8 30. Be3 Nb6 31. Nxb6 Rxa1 32. Rxa1 Qxb6 33. Qf4 Qc7 34. Be4 Qd8 35. f3 $1 {
Breaking Black's "fortress"} Rg8 36. Qh6 Kd7 37. Qxh5 Qe8 38. Qh6 Qb8 39. Qf4
f5 40. exf6 Qxf4 41. Bxf4 Bxf6 42. fxg4 Kc8 43. Ra4 Bxh4 44. Rxb4 Bf6 45. Rc4
Kd8 46. Rxc3 Rxg4 47. Rc4 Rg7 48. Bxc6 Ba6 49. Rb4 Bc8 50. Kg2 Ra7 51. Kf3 Ke7
52. Be5 Bxe5 53. dxe5 Rc7 54. Be4 Rc3+ 55. Kf4 Rc1 56. Rc4 Rf1+ 57. Kg5) 12.
Nxd7 Qxd7 13. Be5 Qe7 {Had Matlakov retreated to d8, then after 13...Qd8 14
0-0 Rg8 it would have been a straight transposition to the Alphazero game!} 14.
b3 $5 {Magnus immediately pokes the queenside, inviting Black to get his
protected passed pawn on c3.} Rg8 {Matlakov's idea is that 15.bxc4 b4 now
allows a black 16...Nxe4 trading his queenside pawn for a central pawn. That
would also lead to interesting complications, but Magnus stays loyal to the
Alphazero concept and protects his e4 pawn.} 15. Qc2 b4 16. Na4 c3 17. a3 {
The inclusion of a3/a5 is generally favourable for White, not only due to the
potential of opening the a-line, but also access to the b6 square. As 17...a5?
18 Nb6! is very favourable for White, Matlakov has to make a couple of
intermidiate moves first, before protecting the b4-pawn.} Nd7 (17... a5 $2 18.
Nb6 $1) 18. Bg3 Bg7 19. Rd1 {A neccessary precaution as} (19. e5 c5 $1 {
would be grim for White as his centre then crumbles.}) 19... a5 20. O-O Bf6 $5
(20... e5 21. Bxg4 Rd8 $5 {would also be interesting, trying to undermine the
centre hoping to withstand the direct attacking possibilities White would get
in the process.}) {But Matlakov's move is obviously critical, trying to simply
pick up the h4-pawn, and thus forcing Magnus to show his hand:} 21. Nc5 $6 {
The right mindset, but the wrong execution!} ({White indeed has to give up
more pawns, but the incredible} 21. Bc7 $3 {was the way when} Bxh4 (21... Rc8 {
would be logical, but the a3/a5 inclusion means that} 22. Bxa5 $1 {is possible!
}) 22. e5 {gives White a huge initiative for the 2 sacrificed pawns.}) 21...
Nxc5 22. dxc5 e5 23. Rd6 {Magnus' play does look like the original 10
Alphazero games, with initiative being the more important factor than the
number of pawns. Even so, objectively speaking Black is fine, but short of
time the practical task of Matlakov indeed is difficult.} Bxh4 24. Bc4 Bg5 25.
Qd3 Rg6 26. f4 exf4 $2 {This logical move ruins Black's position.} (26... gxf3
27. Qxf3 Rg7 {holds, but does depend on finding} 28. Bxe5 Qxe5 29. Bxf7+ Kf8 $5
30. Bc4+ Bf4 $1 {when in the ensuing ending Black's passed pawn on c3 finally
will show its relevance.}) 27. Bxf4 $2 ({In the postgame Magnus said he
actually intended the crushing} 27. e5 $1 {but then somehow forgot!}) 27...
Bxf4 28. Rxf4 c2 29. Qxc2 Rxd6 30. cxd6 Qxd6 31. e5 $1 Qc5+ 32. Kh1 Qe3 33. Qf5
{Black's king is caught in the centre, and while Magnus could have won quicker,
the result never was in doubt.} Kd8 34. Qxf7 Kc8 35. axb4 Qxe5 36. Qf8+ Kc7 37.
Rf7+ Kb6 38. bxa5+ Qxa5 39. Qe7 Qh5+ 40. Kg1 Ra1+ 41. Bf1 Qxf7 42. Qxf7 Ba6 43.
Qf2+ Kb7 44. Qd4 Rxf1+ 45. Kh2 h5 46. Qc5 Rb1 47. Qxh5 Kb6 48. Qxg4 Rxb3 49.
Qg8 Rd3 50. g4 Rd5 51. g5 Bd3 52. g6 Bxg6 53. Qxg6 Kc7 54. Qf7+ Kb8 55. Kg3
Rg5+ 56. Kf4 Rd5 57. Qf8+ Kb7 58. Qb4+ Kc7 59. Ke4 Kc8 60. Qb6 Kd7 61. Qb7+ Kd6
62. Qc8 Kc5 63. Qb8 Rh5 64. Kf4 Rd5 65. Kg4 Kc4 66. Qb6 Rd4+ 67. Kf5 c5 68. Qa5
Rd5+ 69. Ke6 Rd4 70. Qa4+ Kc3 71. Qa3+ Kc4 72. Qa5 Rd3 73. Qa4+ Kc3 74. Qa3+
Kc4 75. Qc1+ Kb4 76. Qb2+ Kc4 77. Qc2+ Kd4 78. Kd6 c4 79. Qf2+ Re3 80. Qd2+ 1-0

[Event "Chigorin Memorial"]
[Site "St Petersburg"]
[Date "1995.??.??"]
[Round "4"]
[White "Sakaev, Konstantin"]
[Black "Neverov, Valeriy"]
[Result "1-0"]
[WhiteElo "2570"]
[BlackElo "2485"]
[Annotator "Nikitin,A"]
[PlyCount "119"]
[EventDate "1995.09.??"]
[EventType "swiss"]
[EventRounds "9"]
[EventCountry "RUS"]
[SourceTitle "EXT 1997"]
[Source "ChessBase"]
[SourceDate "1996.11.15"]
[SourceVersion "1"]
[SourceVersionDate "1996.11.15"]
[SourceQuality "1"]

1. d4 d5 2. c4 c6 3. Nc3 Nf6 4. Nf3 e6 5. Bg5 h6 6. Bxf6 Qxf6 7. e3 Nd7 8. Bd3
Bd6 9. O-O Qe7 10. c5 (10. e4 dxc4 11. Bxc4 e5 12. d5 Nb6 13. dxc6 bxc6 $10)
10... Bc7 11. e4 dxe4 12. Nxe4 O-O 13. Re1 Rd8 14. b4 Nf8 (14... Qf8 15. Nc3
Nf6 16. a3 Bd7 17. Qc2 Be8 18. h3 Qe7 $13) 15. Nc3 (15. Qb3 Bd7 16. Rad1 Be8
$10) 15... Qf6 16. Ne4 Qe7 17. Nc3 Qf6 18. Ne5 Bd7 $2 (18... Rxd4 $1 19. Bh7+
Kxh7 20. Qxd4 Ng6 21. Nf3 e5 $44) 19. Ng4 Qg5 20. Ne4 Qh4 21. g3 Qe7 22. Nef6+
(22. d5 $1 cxd5 23. Nef6+ Qxf6 $8 24. Nxf6+ gxf6 25. Qh5 $18) 22... Kh8 (22...
gxf6 23. Nxh6+ Kh8 24. Qh5 $18) 23. d5 Be8 (23... cxd5 24. Nxd5 Ba4 25. Nxe7
Bxd1 26. Raxd1 Rd7 27. c6 Rxe7 28. cxb7 Rb8 29. Ba6 $18) 24. d6 Bxd6 25. Nxe8 (
25. cxd6 Qxd6 26. Nxe8 Qxd3 27. Qxd3 Rxd3 28. Ne5 Rd5 29. Nxf7+ Kg8 30. Ned6
$16) 25... Bb8 26. Nd6 Bxd6 27. cxd6 Qxd6 28. Ne5 Kg8 29. Qh5 Qe7 30. Rad1 $18
Rd6 (30... f6 31. Ng6 Qf7 32. Bc2 f5 33. Nf4 $18) 31. Bc4 Rad8 32. Rxd6 Rxd6
33. a3 f6 34. Nf3 b5 35. Bf1 (35. Bb3 $1 Rd3 36. Re3 Qd6 37. Qc5 $1 $16 Qd7 38.
Rxd3 Qxd3 39. Nd4 Qb1+ 40. Kg2 Qe4+ 41. f3 Qe3 42. Nxe6 $18) 35... Rd5 36. Qg4
Qd6 37. Qe4 a5 38. Rc1 axb4 39. Qxb4 Nd7 40. Qxd6 Rxd6 41. Be2 Kf7 42. Kf1 Ke7
43. Ke1 f5 44. Nd2 g5 45. Rc3 Ne5 46. Bf1 Rd4 47. Rc5 (47. Nb3 Re4+ 48. Kd1 b4
49. axb4 Rxb4 $14) 47... Rd5 (47... Kd6 48. Rxe5 Kxe5 49. Nf3+ Ke4 50. Nxd4
Kxd4 51. Kd2 e5 52. f3 $14) 48. Rxd5 $2 exd5 49. Be2 Kd6 50. Nb3 c5 $1 51. Bxb5
c4 52. Nd2 Kc5 53. Ba6 Kd4 54. Bc8 f4 55. Bf5 Kc3 56. gxf4 gxf4 57. Be6 d4 $4
$138 (57... Nd3+ 58. Ke2 f3+ $1 59. Ke3 $8 d4+ 60. Kxf3 Kxd2 61. Bxc4 Ne5+ 62.
Ke4 Nxc4 63. Kxd4 Nxa3 64. f4 Nc2+ 65. Ke4 Ne3 66. f5 Ng4 67. Kf4 Nf6 68. Ke5
Ng4+ 69. Ke6 Nxh2 70. f6 Nf3 71. Kf5 Ng5 72. Kg6 Ke3 73. Kxh6 Kf4 $10) 58. Bxc4
$1 Nxc4 59. Nxc4 Kxc4 60. Kd2 1-0

[Event "Novgorod op"]
[Site "Novgorod"]
[Date "1995.??.??"]
[Round "6"]
[White "Aseev, Konstantin N"]
[Black "Novikov, Igor A"]
[Result "1/2-1/2"]
[WhiteElo "2535"]
[BlackElo "2590"]
[Annotator "Novikov,I"]
[PlyCount "72"]
[EventDate "1995.05.??"]
[EventType "swiss"]
[EventRounds "9"]
[EventCountry "RUS"]
[SourceTitle "EXT 2000"]
[Source "ChessBase"]
[SourceDate "1999.11.16"]
[SourceVersion "1"]
[SourceVersionDate "1999.11.16"]
[SourceQuality "1"]

1. d4 d5 2. c4 e6 3. Nf3 Nf6 4. Nc3 c6 5. Bg5 h6 6. Bxf6 Qxf6 7. e3 Nd7 8. Bd3
g6 9. O-O dxc4 10. Bxc4 Bg7 11. b4 O-O 12. Rc1 b6 {N/} (12... e5 {Aseev,
K-Zvjagincev,V/Rostov op/1993/ Inf 62/464/}) 13. b5 c5 (13... Bb7 $5) 14. Ne4 (
14. d5 Ne5 15. Nxe5 Qxe5 $10) 14... Qe7 15. dxc5 Nxc5 16. Nxc5 bxc5 (16... Qxc5
17. Bxe6 Qxb5 18. Bd5 Ba6 19. Bxa8 Qxf1+ 20. Qxf1 Bxf1 21. Bd5 {/\ Rc7+/-}) 17.
Qa4 Bb7 18. Be2 Rfd8 19. Rc2 {/\ Nf3-d2-c4} (19. Rfd1 Rd5 $132) 19... a6 $2 (
19... Bd5 $1 $10) 20. bxa6 Bxa6 21. Bxa6 Rd6 (21... Qa7 22. Nd2 Qxa6 23. Qxa6
Rxa6 24. Nc4 $14) (21... Qd6 $2 22. Rd2 $18) 22. Rxc5 Raxa6 (22... Rdxa6 $5 23.
Rc8+ Rxc8 24. Qxa6 Qd8 $14 {/\ Ra8,Qa5}) 23. Rc8+ Kh7 24. Qc4 Ra7 25. h4 (25.
Qe2 $5 Rda6 26. Rc2 $14) 25... Rda6 26. h5 gxh5 27. Nd4 (27. Qd3+ f5 28. e4 Ra3
29. Qb1 $4 Rxf3 $1 $19) 27... Bxd4 $8 28. Qxd4 e5 29. Qe4+ Kg7 30. Rd1 Ra4 $8 (
30... Rxa2 $2 31. Rdd8 Ra1+ 32. Kh2 $18) 31. Qf3 Rxa2 32. Qxh5 (32. Rdd8 Ra1+
33. Kh2 Qh4+ $10) 32... Ra1 $10 33. Rcc1 Rxc1 34. Rxc1 Ra6 35. Qg4+ Qg5 36. Qe4
Qf6 1/2-1/2

[Event "Syre Memorial op 31st"]
[Site "Issy les Moulineaux"]
[Date "2008.05.04"]
[Round "6"]
[White "Payen, Arnaud"]
[Black "Piankov, Evgenij"]
[Result "1-0"]
[WhiteElo "2372"]
[BlackElo "2341"]
[Annotator "Payen,A"]
[PlyCount "51"]
[EventDate "2008.05.01"]
[EventType "swiss"]
[EventRounds "6"]
[EventCountry "FRA"]
[SourceTitle "EXT 2010"]
[Source "ChessBase"]
[SourceDate "2010.11.25"]
[SourceVersion "1"]
[SourceVersionDate "2010.11.25"]
[SourceQuality "1"]

1. d4 d5 2. c4 c6 3. Nf3 Nf6 4. Qb3 Qb6 5. Nc3 e6 6. Bf4 ({RR} 6. e3 Qxb3 7.
axb3 b6 8. Bd3 Bb7 9. O-O Nbd7 10. e4 dxe4 11. Nxe4 c5 12. Nxf6+ gxf6 13. d5
Bd6 14. Re1 Ne5 15. Be4 Ke7 16. Bd2 a5 17. Nh4 Rab8 18. dxe6 fxe6 19. Bc3 Bxe4
20. Rxe4 Kf7 {Tregubov,P (2609)-Maiorov,O (2458)/Krasnodar 1999/EXT 2002/1/2-1/
2 (37)}) (6. c5 Qc7 (6... Qxb3 7. axb3 {[%cal Ga1a7]})) 6... Nbd7 (6... dxc4 7.
Qxc4 Qxb2 8. Rb1 Qa3 9. Rb3 Qa5 10. Bd2 {[%cal Re2e4]}) 7. e3 Nh5 $146 ({RR} 
7... Be7 8. Bd3 O-O 9. Qc2 dxc4 10. Bxc4 c5 11. O-O cxd4 12. exd4 a6 13. Rfe1
Qd8 14. d5 Nb6 15. Bd3 Nbxd5 16. Nxd5 Qxd5 17. Rad1 Qc6 18. Qe2 Rd8 19. Ne5 Qe8
20. Qf3 Ra7 21. Be3 Ra8 22. Qh3 {Frog,I (2295)-Dolinskij,B/Moscow 1995/EXT
1998/1-0}) 8. c5 (8. Bg5 $5) 8... Qa5 9. Bd3 Nxf4 10. exf4 g6 11. h4 $1 b6 12.
cxb6 axb6 13. h5 Bg7 14. Qc2 {[%csl Rg6][%cal Rd3g6]} c5 15. Kf1 cxd4 16. Nb5
O-O 17. hxg6 hxg6 18. Nc7 (18. Kg1 $5) 18... Nc5 19. Bxg6 $4 {En fait j'avais
programmé ce coup sur un éloignement du cavalier d7 et je l'ai joué
impulsivement.J'étais également en retard au temps.L'enjeu était au minimum
650 Euros alors j'ai fait preuve de nervosité.Toujours la tactique.} (19. b4
Qxb4 20. Nxa8 Qa3 $13 {[%cal Gc8a6,Gc5d3,Ga3d3,Ya6f1]} 21. Nxb6 Ba6 (21... Nxd3
22. Nxc8 Nxf4) 22. Bxa6 Qxa6+ 23. Kg1 Qxb6 24. Rb1) 19... fxg6 20. Qxg6 Ba6+
21. Kg1 (21. Nxa6 $142 Qxa6+ 22. Kg1 Qd3 {[%cal Gd3g6] Le coup simple que j'ai
raté en jouant Fxg6!Une énorme erreur qui aurait dû me coûter la partie.})
21... Bd3 22. Qh5 $1 $138 {[%cal Rc7e8,Re8g7,Rh5e8] Avec une dernière idée
avant la mort!} Ra7 $4 {L'adversaire perd ses nerfs!} (22... Rac8 23. Nxd5 (23.
Ne5 Rxc7 24. Nxd3 Nxd3 25. Qh7+ Kf7 26. Qxd3 $19) 23... exd5 24. Qxd5+ Rf7 25.
Ng5 Qa7 $19 {[%cal Ga7f7]}) 23. Ne8 $1 {Un coup providentiel!} Qa4 $4 (23...
Rf5 24. Qh7+ Kf8 25. Nxg7 Rxg7 26. Qh4 $15 {[%cal Rf3d4,Rh4d8]}) 24. Nxg7 $18
Kxg7 (24... Rxg7 25. Qh8+ Kf7 26. Ne5+ Ke8 27. Qxg7 $18) 25. Ne5 {C'est mat en
3 coups!} Rf6 $4 {Piankov est groggy!} 26. Qh8# {Une faible mais interessante
partie.Avec une chance énorme pour moi!} 1-0

[Event "Biel GM"]
[Site "Biel"]
[Date "1999.07.27"]
[Round "9"]
[White "Bunzmann, Dimitrij"]
[Black "Pelletier, Yannick"]
[Result "0-1"]
[WhiteElo "2596"]
[BlackElo "2479"]
[Annotator "Pelletier,Y"]
[PlyCount "114"]
[EventDate "1999.07.19"]
[EventType "tourn"]
[EventRounds "10"]
[EventCountry "SUI"]
[EventCategory "14"]
[SourceTitle "CBM 072"]
[Source "ChessBase"]
[SourceDate "1999.10.01"]
[SourceVersion "1"]
[SourceVersionDate "1999.10.01"]
[SourceQuality "1"]

1. Nf3 Nf6 2. c4 e6 3. d4 d5 4. Nc3 c6 5. Bg5 h6 6. Bxf6 Qxf6 7. Qc2 Nd7 {
Ich wurde von der Eröffnungswahl meines Gegners sehr überrascht, und entschied
mich, nicht in die objektiv bessere aber auch kompliziertere Alternative 7...
dxc4 einziehen zu lassen.} (7... dxc4 8. e3 b5 9. a4 Bb7 10. axb5 cxb5 11. Nxb5
Bb4+ 12. Nc3 (12. Nd2 O-O $1 13. Nc7 e5 14. Nxa8 exd4 15. Bxc4 Bxa8 $44) 12...
O-O 13. Be2 Nd7 14. O-O e5 15. dxe5 Nxe5 16. Nxe5 Qxe5 17. Bxc4 Rac8 18. Qb3
Bxg2 $1 19. Bxf7+ Rxf7 20. Rxa7 Bxf1 21. Qxf7+ Kh7 22. Kxf1 Bxc3 23. Qd7 Bd4 $1
$132 {Lautier-Illescas, Chalkidiki 1992}) 8. e4 dxe4 ({Der sofortige} 8... Bb4
$5 {verdient vielleicht Aufmerksamkeit, wenn Schwarz seinen Läufer unbedingt
nach b4 entwickeln will.}) 9. Qxe4 Bb4 $6 ({Die Entwicklung mit} 9... g6 10.
Bd3 Bg7 {sieht viel natürlicher aus.}) 10. Bd3 {[%csl Re8][%cal Rd3h7]} c5 (
10... Qe7 11. O-O Nf6 {wurde schon erprobt.}) 11. a3 $6 {Ein Tempoverlust,
denn nach 11.0-0 ist 11...cxd4? wegen 12.Nd5! fehlerhaft. Deshalb wäre 11...
Bxc3 oder 11...Qe7 erfolgt.} cxd4 $6 (11... Bxc3+ 12. bxc3 cxd4 13. cxd4 Nc5 $1
14. Qe3 Nxd3+ 15. Qxd3 O-O {verprach Ausgleich, während der Textzug Weiss die
besseren Chancen überlässt.}) 12. axb4 dxc3 13. b3 Qe7 (13... c2 14. Qd4 Qxd4
15. Nxd4 $14 {[%cal Ga1a7]}) 14. Qd4 e5 (14... Qxb4 15. Qxg7 Rf8 16. O-O Nc5
17. Bc2 Bd7 18. Ne5 {[%csl Re8] wäre wegen des schwachen Königs unerwünscht.})
15. Qxc3 e4 16. O-O O-O (16... exf3 17. Rfe1 Ne5 18. Rxe5 Be6 19. g3 $16) 17.
Rfe1 f5 ({Erzwungen angesichts} 17... Nf6 $6 18. Nd2 Bf5 19. Ra5 $1 {[%csl Re4]
[%cal Ga5e5] Aber nun steht Weiss dank seines Entwicklungsvorsprungs besser.
Dazu verfügt er über die Stärke der ofenen a-Linie, die den Ra8 an die
Verteidigung des Pa7 bindet. Schwarz muss hingegen versuchen seinen
Raumvorteil am KF auszunützen und evt. dort einen Angriff entwickeln. Bis
dahin ist aber ein langer Weg.}) 18. Bc2 b6 (18... Qf6 19. Qxf6 Nxf6 20. Nd4
Rd8 21. Red1 $14) 19. Nd4 Qf6 (19... Bb7 {führt entweder zu Bauernverlust,
oder im Fall von} 20. Nb5 a6 (20... Ne5 21. Rxa7 Rxa7 22. Nxa7) 21. Nc7 Ra7 22.
Qd4 {zu klarem weissem Uebergewicht.}) 20. Nb5 (20. c5 Ne5) 20... Ne5 {[%csl
Rb5,Rc3][%cal Yf6c3,Ye5f3]} 21. f4 ({Den Vorzug verdienten} 21. Red1 Bb7 22.
Rd6 Qe7 23. c5 {oder}) (21. Kf1 Nc6 22. Qxf6 Rxf6 23. Ra4 {denn, im letzten
Fall würde Schwarz über keinen Freibauern verfügen.}) 21... Nc6 22. Qxf6 Rxf6
23. Ra4 (23. Nc7 $2 Nxb4) 23... a6 (23... Rf7 24. Rd1 $14 (24. Nd6 Rc7 25. c5
bxc5 26. bxc5 Rb8 $132)) 24. Nc7 Rb8 25. b5 (25. Nd5 Rd6 26. Rd1 Kf7 $13) (25.
Rd1 $6 b5 $1) 25... Nd4 $6 {Weiss gewinnt nach diesem Zug einen Bauern, obwohl
dieser Vorteil gar nicht leicht zu verwerten ist.} (25... axb5 {sollte
geschehen, mit der möglichen Folge} 26. Nxb5 (26. cxb5 Ne7) 26... g5 (26... Rf7
27. g4 $36) 27. g3 $14) 26. bxa6 Bxa6 27. Nxa6 ({Verschmäht} 27. Bxe4 fxe4 28.
Nxa6 Rd8 29. Rxe4 {, wonach} Nxb3 30. g3 Nd2 {Schwarz ausgezeichnete
Remischancen versprochen hätte.}) 27... Nxc2 28. Rd1 $6 (28. Rc1 Nd4 29. Nxb8
Ne2+ 30. Kf1 Nxc1 {hätte zu ungefährem Ausgleich geführt,}) ({während} 28. Re2
Nd4 29. Rd2 Rd8 30. Kf2 {die weisse Stellung stabilisiert hätte, und einen
leichten Vorteil bedeutet hätte.}) 28... Ra8 29. Kf2 g5 $1 {[%csl Rf4][%cal
Yf6g6,Yg6g2] Sichert das Ueberleben des Nc2 und öffnet Linien gegen den
weissen König.} 30. g3 (30. fxg5 hxg5 {[%csl Ge3][%cal Yf5f4,Yc2e3] würde der
schwarzen Bauernmasse erlauben, bald vorzurücken, war aber weniger schlimm,
als Schwarz die g-Linie zu überlassen.}) 30... gxf4 31. gxf4 Rg6 {[%cal Yg6g2,
Ye4e3]} 32. c5 $4 {Ein grober Fehler, welchen ich nicht voll ausnutzen konnte.}
(32. Nc5 $4 Re8 {hätte auch verloren, aber}) (32. Nc7 Rxa4 33. bxa4 Rc6 34.
Rd8+ (34. Nd5 Kf7 $5) 34... Kf7 35. Rd7+ Kf8 36. Nd5 Na3 $15 {erlaubte
heftigen Widerstand.}) 32... b5 $2 ({Ich sah, dass ich damit die Qualität
erobern konnte, blieb aber vor dem leichten} 32... e3+ 33. Kf3 Re8 {[%csl Re3]
[%cal Re3e1] blind.}) 33. Ra2 e3+ 34. Kf3 e2 35. Kxe2 Rg2+ {[%cal Yg2a2]} 36.
Kf3 Ne1+ 37. Rxe1 Rxa2 38. Nc7 R8a3 39. Rb1 b4 $2 {Wieder ein Fehler, der
Konsequenzen hätte haben können.} (39... Rxh2 40. Nxb5 Ra5 {hätte keinerlei
Schwierigkeiten bereitet.}) 40. Nd5 {[%cal Gc5c6,Gc6c7]} Rxh2 (40... Rc2 41. c6
Kf7 42. Nxb4) 41. c6 {Die Zeitnot ist vorbei und ich wurde langsam von den
Schwierigkeiten bewusst, die der weisse c-Bauer bereitet.} Kf7 (41... Rc2 42.
Ke3 Kf7 43. Nxb4 Rc4 44. Nd3 Re4+ 45. Kf3 {war auch nicht klar.}) 42. Nxb4 $2 {
Wieder ein schlimmes Uebersehen.} ({Nach} 42. Ke3 Ke6 43. c7 Rc2 44. Kd4 Ra5 (
44... Ra8 45. Rh1 Rh8 46. Rg1 $44) 45. Re1+ Kd6 46. Re5 Rxc7 47. Rxf5 Rh7 48.
Rf6+ Kd7 {hätte Schwarz noch arbeiten müssen, um seine Mehrqualität zum Sieg
zu führen.}) 42... Rxb3+ 43. Rxb3 Rh3+ 44. Ke2 Rxb3 45. Nc2 ({Auf} 45. Nd3 {
plante ich die folgende Abwicklung:} Rxd3 $1 46. Kxd3 Ke7 $1 ({und nicht} 46...
Ke6 $2 47. Kd4 h5 $2 (47... Kd6 48. c7 $11) 48. Kc5 {, denn der schwarze König
gelangt nicht mehr nach c8.}) 47. Kd4 h5 48. Kc5 Kd8 $19) (45. c7 Rc3 46. Nd5
Rc5 $19) 45... Rb2 46. Kd3 Rxc2 47. Kxc2 Ke6 48. Kd3 Kd6 49. Kd4 h5 50. c7 Kxc7
51. Ke5 h4 52. Kxf5 h3 53. Kg6 h2 54. f5 h1=Q 55. f6 Kd7 56. Kg7 Ke6 57. f7 Qb7
0-1